[Event "Orsha 2017 Masters"]
[Site "Orsha"]
[Date "2017.01.20"]
[Round "1.1"]
[White "Shvyrjov, Igor"]
[Black "Goltseva, Ekaterina"]
[Result "1-0"]
[WhiteElo "2410"]
[BlackElo "2129"]
[PlyCount "107"]
[EventDate "2017.01.20"]

1. b3 Nf6 2. Bb2 g6 3. e4 d6 4. g3 Bg7 5. Bg2 e5 6. Ne2 O-O 7. O-O c5 8. h3 Nc6
9. Nbc3 Be6 10. Nd5 Bxd5 11. exd5 Ne7 12. c4 Ne8 13. d3 Qd7 14. a3 f5 15. f4
Rb8 16. b4 b6 17. Ra2 Kh8 18. Qa1 Qc7 19. Kh2 Nf6 20. Kh1 Nh5 21. Bf3 Rg8 22.
Bc3 Rbe8 23. bxc5 bxc5 24. Rb2 e4 25. Bxg7+ Rxg7 26. dxe4 fxe4 27. Bxh5 gxh5
28. f5 Ng8 29. Nf4 Nf6 30. Ne6 Qe7 31. Nxg7 Qxg7 32. Re2 Re5 33. Qe1 Qg5 34.
Qf2 h6 35. Re3 Kh7 36. Kh2 Qg7 37. Rb1 Qd7 38. Rf1 Qb7 39. Kg2 Qa6 40. Qc2 Qc8
41. Qa4 Re7 42. Qc6 Qb8 43. Rf2 Rb7 44. Qa4 Rb1 45. Qc2 Rb6 46. Rxe4 Nxe4 47.
Qxe4 Rb7 48. f6+ Kh8 49. Qg6 Qf8 50. f7 Rc7 51. Qxh5 Rb7 52. h4 Re7 53. Rf6 Kh7
54. Rxh6+ 1-0

[Event "Orsha 2017 Masters"]
[Site "Orsha"]
[Date "2017.01.20"]
[Round "1.2"]
[White "Yashmetov, Mikhail"]
[Black "Petrov, Dmitri"]
[Result "1-0"]
[WhiteElo "2277"]
[BlackElo "2204"]
[PlyCount "161"]
[EventDate "2017.01.20"]

1. Nf3 d5 2. d4 Nf6 3. Bf4 g6 4. h3 Bg7 5. e3 O-O 6. Be2 c5 7. c3 Qb6 8. Qb3
Bf5 9. dxc5 Qxb3 10. axb3 Bxb1 11. Rxb1 Ne4 12. O-O Nxc5 13. b4 Ne4 14. Rfd1 e6
15. Bd3 Nf6 16. Nd4 Nbd7 17. Nb3 Rfc8 18. Ra1 Ne8 19. e4 Ne5 20. exd5 exd5 21.
Be2 Nc7 22. Nc5 b6 23. Na6 h6 24. Nxc7 Rxc7 25. Rxd5 Re7 26. g4 Rc8 27. Be3 g5
28. Rad1 Bf6 29. Kg2 Kg7 30. Ba6 Rcc7 31. Rd6 Ng6 32. Bb5 Nh4+ 33. Kf1 Be5 34.
Rd7 f5 35. Rxc7 Rxc7 36. Rd7+ Rxd7 37. Bxd7 f4 38. Bc1 Kf6 39. Ke2 f3+ 40. Kd3
Ng2 41. Bd2 Bf4 42. Bxf4 Nxf4+ 43. Ke4 Nxh3 44. Kxf3 Ke5 45. Ke3 Nf4 46. Bc6
Kd6 47. Ba8 Ke5 48. f3 Ne6 49. Kd3 Nc7 50. Be4 Ne6 51. Kc4 Kd6 52. Bf5 Ng7 53.
Bg6 Ne6 54. Bf7 Nf4 55. Kd4 Ke7 56. Bb3 Kd6 57. Ke4 Ng6 58. Bc4 Ne7 59. Bf7 Nc8
60. Kf5 Ne7+ 61. Kf6 Nc6 62. Bg6 Ne5 63. Be4 Nc4 64. b3 Nd2 65. Kg6 Ke5 66.
Kxh6 Kf4 67. Bd5 a5 68. bxa5 bxa5 69. b4 a4 70. b5 Ke5 71. b6 Kd6 72. b7 Kc7
73. Kxg5 a3 74. Kf4 Nb1 75. g5 Nxc3 76. Bb3 a2 77. Bxa2 Nxa2 78. g6 Nb4 79. g7
Nd5+ 80. Ke5 Ne7 81. Ke6 1-0

[Event "Orsha 2017 Masters"]
[Site "Orsha"]
[Date "2017.01.20"]
[Round "1.4"]
[White "Timerkhanov, Alexander"]
[Black "Kochetkov, German"]
[Result "1/2-1/2"]
[WhiteElo "2360"]
[BlackElo "2304"]
[PlyCount "68"]
[EventDate "2017.01.20"]

1. d4 Nf6 2. c4 c5 3. d5 b5 4. cxb5 a6 5. Nc3 axb5 6. e4 b4 7. Nb5 d6 8. Bc4
Nbd7 9. Bf4 g6 10. Nf3 Nh5 11. Bg5 Nb6 12. Be2 h6 13. Be3 Nf6 14. Nd2 Bg7 15.
O-O O-O 16. a3 bxa3 17. Rxa3 Bd7 18. Rxa8 Qxa8 19. Nc3 Rb8 20. f3 Ne8 21. Qc2
Nc7 22. f4 Na4 23. Nxa4 Bxa4 24. b3 Be8 25. f5 Nb5 26. fxg6 fxg6 27. Bxb5 Bxb5
28. Nc4 Bxc4 29. bxc4 Qa3 30. Qe2 Rb2 31. Qf3 Qd3 32. e5 Re2 33. exd6 exd6 34.
Bf4 Qxf3 1/2-1/2

[Event "Orsha 2017 Masters"]
[Site "Orsha"]
[Date "2017.01.20"]
[Round "1.5"]
[White "Drogovoz, Irina"]
[Black "Martynyuk, Elizaveta"]
[Result "1-0"]
[WhiteElo "2193"]
[BlackElo "2171"]
[PlyCount "113"]
[EventDate "2017.01.20"]

1. d4 d5 2. c4 c6 3. Nf3 Nf6 4. Nc3 Bf5 5. cxd5 Nxd5 6. e3 e6 7. Bc4 Nd7 8. O-O
Bd6 9. Re1 Nxc3 10. bxc3 Nf6 11. Nd2 Ne4 12. Nxe4 Bxe4 13. Qg4 Bg6 14. e4 O-O
15. f4 Qa5 16. Bd2 Kh8 17. Qf3 Rae8 18. Rab1 b5 19. Bb3 b4 20. c4 f6 21. c5 Bb8
22. f5 Bf7 23. fxe6 Bxe6 24. Bxe6 Rxe6 25. Qb3 Rfe8 26. Qxb4 Qd8 27. d5 R6e7
28. d6 Re6 29. Qb7 h6 30. d7 Rf8 31. Qxb8 Qxb8 32. Rxb8 Rxb8 33. Ba5 Kg8 34.
d8=Q+ Rxd8 35. Bxd8 Re5 36. Rc1 Rxe4 37. Rc2 Kf7 38. Kf2 f5 39. Bc7 g5 40. Bd6
Ra4 41. Re2 f4 42. g3 Kf6 43. gxf4 gxf4 44. Kf3 Kf5 45. Re5+ Kf6 46. Re8 Rxa2
47. Bxf4 Kf5 48. Re5+ Kf6 49. Rh5 a5 50. Rxh6+ Kf5 51. Rxc6 a4 52. Ra6 Ra1 53.
Be3 a3 54. c6 Ke6 55. c7+ Kd7 56. Bf4 a2 57. Kg2 1-0

[Event "Orsha 2017 Masters"]
[Site "Orsha"]
[Date "2017.01.20"]
[Round "2.1"]
[White "Goltseva, Ekaterina"]
[Black "Martynyuk, Elizaveta"]
[Result "1-0"]
[WhiteElo "2129"]
[BlackElo "2171"]
[PlyCount "71"]
[EventDate "2017.01.20"]

1. d4 d5 2. Nf3 Nf6 3. c4 c6 4. e3 Bf5 5. Be2 e6 6. O-O Be7 7. b3 O-O 8. Bb2 a5
9. a3 Nbd7 10. Nc3 h6 11. Bd3 Bxd3 12. Qxd3 Qb6 13. Nd2 Rfd8 14. Qc2 Rac8 15.
c5 Qc7 16. f4 b6 17. b4 b5 18. bxa5 Qxa5 19. Qd3 Ra8 20. Na2 Qc7 21. Nb4 Nb8
22. h3 Na6 23. Nc2 Nd7 24. g4 f6 25. Kg2 e5 26. Qf5 e4 27. Qe6+ Kf8 28. g5 g6
29. gxh6 Re8 30. Qg4 Kf7 31. f5 Rg8 32. Kh1 Nf8 33. Rg1 Ke8 34. fxg6 Rxg6 35.
Qh5 Kf7 36. h7 1-0

[Event "Orsha 2017 Masters"]
[Site "Orsha"]
[Date "2017.01.20"]
[Round "2.2"]
[White "Kochetkov, German"]
[Black "Drogovoz, Irina"]
[Result "1/2-1/2"]
[WhiteElo "2304"]
[BlackElo "2193"]
[PlyCount "66"]
[EventDate "2017.01.20"]

1. f4 d5 2. Nf3 g6 3. g3 Bg7 4. Bg2 Nf6 5. O-O c5 6. d3 O-O 7. Nc3 d4 8. Na4
Qd6 9. e4 dxe3 10. Bxe3 Na6 11. Nc3 Ng4 12. Bc1 Bd4+ 13. Kh1 Bg7 14. Qe2 Nc7
15. Ne4 Qb6 16. c3 h5 17. h3 Nh6 18. Be3 Nf5 19. Bf2 Ne6 20. Nfg5 Nxg5 21. fxg5
Qc7 22. g4 hxg4 23. hxg4 Nd6 24. Nxc5 Rb8 25. d4 b6 26. Nd3 Ba6 27. Bg3 Rbe8
28. Rfe1 Qc8 29. Rad1 Bc4 30. d5 Bb5 31. Bf4 e5 32. dxe6 Rxe6 33. Qf2 Rfe8
1/2-1/2

[Event "Orsha 2017 Masters"]
[Site "Orsha"]
[Date "2017.01.20"]
[Round "2.3"]
[White "Poley, Vladimir"]
[Black "Timerkhanov, Alexander"]
[Result "0-1"]
[WhiteElo "2275"]
[BlackElo "2360"]
[PlyCount "92"]
[EventDate "2017.01.20"]

1. Nf3 d5 2. g3 Bg4 3. Ne5 Bf5 4. d4 e6 5. Bg2 Bd6 6. Nd3 Nf6 7. O-O O-O 8. c3
Nbd7 9. f3 e5 10. Nf2 h6 11. Nd2 Bh7 12. Re1 c5 13. e3 cxd4 14. exd4 exd4 15.
cxd4 Rc8 16. Nf1 Nb8 17. Bh3 Rc7 18. Ne3 Nc6 19. Bd2 Re7 20. Bc3 Rfe8 21. Qd2
h5 22. Ng2 Qb6 23. Rxe7 Rxe7 24. a3 a5 25. Nh4 a4 26. Nf5 Bxf5 27. Bxf5 h4 28.
g4 g6 29. Bc2 Qc7 30. Nh3 Bxh2+ 31. Qxh2 Qxh2+ 32. Kxh2 Re2+ 33. Kg1 Rxc2 34.
Nf4 Na7 35. Re1 Nb5 36. g5 Nh7 37. Re8+ Kg7 38. Bb4 Nxg5 39. Bf8+ Kh7 40. Nxd5
Nxf3+ 41. Kf1 g5 42. Re7 Kg6 43. Rxb7 Nbxd4 44. Ne7+ Kh5 45. Nd5 Nf5 46. Rxf7
Ng3# 0-1

[Event "Orsha 2017 Masters"]
[Site "Orsha"]
[Date "2017.01.20"]
[Round "2.4"]
[White "Petrov, Dmitri"]
[Black "Kononenko, Dmitry"]
[Result "1-0"]
[WhiteElo "2204"]
[BlackElo "2280"]
[PlyCount "159"]
[EventDate "2017.01.20"]

1. e4 c6 2. d4 d5 3. e5 Bf5 4. h4 h5 5. Ne2 e6 6. Ng3 Bg6 7. Be2 Nd7 8. Nc3 Be7
9. Nxh5 Bxh5 10. Bxh5 g6 11. Bg4 Rxh4 12. Rxh4 Bxh4 13. Qd3 Nf8 14. g3 Bg5 15.
f4 Be7 16. Be3 Qa5 17. O-O-O Nh6 18. Bh3 Nf5 19. Bf2 b5 20. Kb1 b4 21. Ne2 c5
22. dxc5 Bxc5 23. Bxc5 Qxc5 24. Bxf5 gxf5 25. Nd4 Rb8 26. Qa6 Rc8 27. Rc1 Nd7
28. Nxe6 fxe6 29. Qxe6+ Kd8 30. Qxf5 d4 31. Qe4 Kc7 32. e6 Nf6 33. Qd3 Kb8 34.
f5 Qe5 35. Rd1 Nd5 36. g4 Qh2 37. Rc1 Qf4 38. Qb5+ Nb6 39. e7 Qe4 40. f6 Ka8
41. Qd3 Qe5 42. Qf5 Qxf5 43. gxf5 Nd5 44. Re1 Nxf6 45. Re6 Re8 46. Rxf6 Rxe7
47. Kc1 Re2 48. Rd6 Rf2 49. Rxd4 b3 50. axb3 Rxf5 51. b4 Kb7 52. Rd6 Rf1+ 53.
Kd2 Rf4 54. Kc3 Rf3+ 55. Kc4 Rh3 56. c3 Rh2 57. Kb3 Kc7 58. Re6 Kb7 59. c4 Rh3+
60. Ka4 Rh2 61. b3 Rh3 62. b5 Rh4 63. Ka5 Rh3 64. Re7+ Kc8 65. Re8+ Kb7 66.
Re7+ Kb8 67. Ka4 Rh4 68. Kb4 Rh3 69. Rd7 Rg3 70. Kc5 Rg5+ 71. Kc6 Rg6+ 72. Rd6
Rg8 73. b6 a6 74. b7 Ka7 75. Kc7 a5 76. Rd5 Rg7+ 77. Kc8 Rg8+ 78. Rd8 Rxd8+ 79.
Kxd8 Kxb7 80. Kd7 1-0

[Event "Orsha 2017 Masters"]
[Site "Orsha"]
[Date "2017.01.20"]
[Round "2.5"]
[White "Shvyrjov, Igor"]
[Black "Yashmetov, Mikhail"]
[Result "0-1"]
[WhiteElo "2410"]
[BlackElo "2277"]
[PlyCount "80"]
[EventDate "2017.01.20"]

1. d4 Nf6 2. Nc3 d5 3. Bg5 e6 4. e4 Be7 5. Bxf6 Bxf6 6. Nf3 g6 7. Qd2 O-O 8. h4
c5 9. dxc5 dxe4 10. Nxe4 Qxd2+ 11. Kxd2 Bxb2 12. Rb1 Bg7 13. h5 Rd8+ 14. Bd3
Nd7 15. hxg6 hxg6 16. Nfg5 f5 17. Nxe6 fxe4 18. Nxd8 exd3 19. Ne6 dxc2 20. Rbe1
Bf6 21. f4 Nf8 22. Nc7 Rb8 23. Nd5 Bb2 24. Kxc2 Bg7 25. Re3 Bf5+ 26. Kb3 Ne6
27. Kc4 Kf7 28. Rb3 Be4 29. Ra3 b5+ 30. cxb6 Rc8+ 31. Kb5 a6+ 32. Ka5 Bxd5 33.
Rd1 Nd4 34. Ra4 Bb7 35. Raxd4 Rc5+ 36. Ka4 Bxd4 37. Rxd4 Bxg2 38. Rd6 Rb5 39.
a3 Bd5 40. Rxd5 Rxd5 0-1

[Event "Orsha 2017 Masters"]
[Site "Orsha"]
[Date "2017.01.21"]
[Round "3.1"]
[White "Yashmetov, Mikhail"]
[Black "Goltseva, Ekaterina"]
[Result "1-0"]
[WhiteElo "2277"]
[BlackElo "2129"]
[PlyCount "99"]
[EventDate "2017.01.20"]

1. Nf3 d5 2. b3 Bg4 3. Bb2 Nd7 4. h3 Bxf3 5. exf3 Ngf6 6. f4 e6 7. g3 Bd6 8.
Bg2 O-O 9. O-O c5 10. c4 Nb6 11. d3 Rb8 12. Nd2 Re8 13. Re1 Nbd7 14. Nf3 Qc7
15. Ne5 d4 16. Qe2 Nf8 17. b4 N6d7 18. bxc5 Bxc5 19. Nf3 Qd6 20. Qe4 Red8 21.
Rab1 Nf6 22. Qe5 Ng6 23. Qxd6 Rxd6 24. Bc1 Ne7 25. f5 Ra6 26. fxe6 fxe6 27. Bf4
Rc8 28. Ng5 Rxa2 29. Bxb7 Re8 30. Nxe6 Bb6 31. Bc7 Ng6 32. Bxb6 axb6 33. Nxd4
Rd8 34. Nc6 Rd7 35. Bc8 Rc7 36. Be6+ Kf8 37. Rxb6 Ra8 38. Bf5 Ne7 39. Nxe7 Rxe7
40. Rxe7 Kxe7 41. c5 Nd5 42. Rb7+ Kf6 43. Be4 Ra1+ 44. Kg2 Ne7 45. c6 Rc1 46.
c7 Ke5 47. c8=Q Nxc8 48. Rxg7 Nd6 49. Rxh7 Nxe4 50. Re7+ 1-0

[Event "Orsha 2017 Masters"]
[Site "Orsha"]
[Date "2017.01.21"]
[Round "3.3"]
[White "Timerkhanov, Alexander"]
[Black "Petrov, Dmitri"]
[Result "1/2-1/2"]
[WhiteElo "2360"]
[BlackElo "2204"]
[PlyCount "87"]
[EventDate "2017.01.20"]

1. Nf3 d5 2. c4 c6 3. e3 Nf6 4. Nc3 a6 5. b3 b5 6. Bb2 Bg4 7. Be2 e6 8. Ne5
Bxe2 9. Nxe2 Bd6 10. cxd5 cxd5 11. Rc1 O-O 12. O-O Nfd7 13. f4 Ra7 14. Nf3 Rc7
15. Rxc7 Qxc7 16. Qa1 f6 17. Ned4 Re8 18. Rc1 Qb7 19. Qb1 Nf8 20. Qc2 Re7 21.
Qb1 Rc7 22. g4 g6 23. Rxc7 Qxc7 24. Ne2 Nbd7 25. g5 fxg5 26. Nxg5 e5 27. fxe5
Bxe5 28. Bxe5 Qxe5 29. Nf3 Qh5 30. Qf1 Ne5 31. Nxe5 Qxe5 32. Qf3 Ne6 33. d4 Ng5
34. Qg3 Qf5 35. h4 Qb1+ 36. Kg2 Nf7 37. Qb8+ Kg7 38. Nf4 Qe4+ 39. Kf2 Qc2+ 40.
Kg3 Qb1 41. Qe8 Qe1+ 42. Kh3 Qh1+ 43. Kg3 Qe1+ 44. Kh3 1/2-1/2

[Event "Orsha 2017 Masters"]
[Site "Orsha"]
[Date "2017.01.21"]
[Round "3.4"]
[White "Drogovoz, Irina"]
[Black "Poley, Vladimir"]
[Result "1-0"]
[WhiteElo "2193"]
[BlackElo "2275"]
[PlyCount "95"]
[EventDate "2017.01.20"]

1. d4 d5 2. Nf3 e6 3. g3 b5 4. Bg2 Bb7 5. O-O Nf6 6. Ne5 c5 7. b3 cxd4 8. Qxd4
Na6 9. c4 Bc5 10. Qd1 Qc7 11. Nd3 Bd4 12. Nb2 Be5 13. cxb5 Nb4 14. a3 Nc2 15.
Ra2 Rc8 16. e3 O-O 17. Nd3 Bd6 18. b4 Qc4 19. Rb2 Na1 20. Re1 Rc7 21. Bf1 Rfc8
22. Bd2 Qg4 23. f3 Qg6 24. Nc3 h5 25. Qxa1 h4 26. Nf4 Bxf4 27. exf4 hxg3 28.
Ne2 gxh2+ 29. Kxh2 Nh5 30. Bg2 Rc4 31. Qb1 Qh6 32. Rc1 d4 33. Rxc4 Rxc4 34. Qd3
Bd5 35. Rc2 Rxc2 36. Qxc2 g5 37. Qd3 gxf4 38. Qxd4 Qh7 39. Kg1 Qg6 40. Nxf4
Nxf4 41. Qxf4 Qb1+ 42. Bc1 f5 43. Kh2 Qa1 44. Qb8+ Kf7 45. Qxa7+ Kg6 46. Qe3
Kf7 47. b6 Ke8 48. b7 1-0

[Event "Orsha 2017 Masters"]
[Site "Orsha"]
[Date "2017.01.21"]
[Round "3.5"]
[White "Martynyuk, Elizaveta"]
[Black "Kochetkov, German"]
[Result "1-0"]
[WhiteElo "2171"]
[BlackElo "2304"]
[PlyCount "96"]
[EventDate "2017.01.20"]

1. e4 e5 2. Nf3 d6 3. d4 exd4 4. Nxd4 Nf6 5. Nc3 Be7 6. Bc4 O-O 7. O-O a6 8. a4
Nxe4 9. Nxe4 d5 10. Bd3 dxe4 11. Bxe4 Bf6 12. Be3 Re8 13. Qd3 g6 14. Rad1 Qe7
15. Bd5 c6 16. Bb3 Nd7 17. Rfe1 Ne5 18. Qe4 c5 19. Nf3 Bf5 20. Qf4 c4 21. Bxc4
Bxc2 22. Rc1 Nxf3+ 23. Qxf3 Be4 24. Qe2 h5 25. f3 Bf5 26. Qf2 Qd7 27. b3 Rxe3
28. Rxe3 Bd4 29. Kh1 b5 30. axb5 axb5 31. Bf1 Qa7 32. Rce1 Bxe3 33. Rxe3 b4 34.
Bc4 Kf8 35. h3 Qc7 36. g4 hxg4 37. hxg4 Ra1+ 38. Re1 Qe5 39. Rxa1 Qxa1+ 40. Kg2
Bb1 41. Qc5+ Kg7 42. Qxb4 Qb2+ 43. Kh3 Qf6 44. Qb7 g5 45. Qd5 Bg6 46. Kg3 Qf4+
47. Kg2 Qc7 48. Qd4+ Kh7 1-0

[Event "Orsha 2017 Masters"]
[Site "Orsha"]
[Date "2017.01.22"]
[Round "4.1"]
[White "Goltseva, Ekaterina"]
[Black "Kochetkov, German"]
[Result "0-1"]
[WhiteElo "2129"]
[BlackElo "2304"]
[PlyCount "78"]
[EventDate "2017.01.20"]

1. d4 Nf6 2. c4 c5 3. d5 b5 4. cxb5 a6 5. bxa6 g6 6. Nc3 Bxa6 7. e4 Bxf1 8.
Kxf1 d6 9. g3 Nbd7 10. Kg2 Bg7 11. Nf3 O-O 12. a4 Qa5 13. Bd2 Rfc8 14. Qe2 Qa6
15. Nb5 Ne8 16. Bg5 Kf8 17. Rhe1 Nc7 18. e5 Nxd5 19. exd6 e6 20. Red1 Qc6 21.
Kg1 Ra6 22. Bf4 Rb6 23. Na7 Nxf4 24. gxf4 Rxb2 25. Qe3 Qb7 26. Nxc8 Rb3 27. Rd3
Rxd3 28. Qxd3 Bxa1 29. Ne7 c4 30. Qd1 Bf6 31. Nd4 Qe4 32. Nec6 Qxf4 33. Ne2
Qg4+ 34. Kf1 Qf3 35. Ncd4 Qh1+ 36. Ng1 Qd5 37. Ngf3 e5 38. Qd2 exd4 39. Qh6+
Kg8 0-1

[Event "Orsha 2017 Masters"]
[Site "Orsha"]
[Date "2017.01.22"]
[Round "4.2"]
[White "Poley, Vladimir"]
[Black "Martynyuk, Elizaveta"]
[Result "0-1"]
[WhiteElo "2275"]
[BlackElo "2171"]
[PlyCount "74"]
[EventDate "2017.01.20"]

1. Nf3 d5 2. e3 Nf6 3. b3 Bf5 4. Bb2 e6 5. Be2 c6 6. c4 Nbd7 7. O-O h6 8. Nc3
Bd6 9. d4 O-O 10. Bd3 Bxd3 11. Qxd3 Qe7 12. Nd2 Rfd8 13. f4 dxc4 14. Nxc4 Bb4
15. Ne4 Nxe4 16. Qxe4 f5 17. Qc2 b5 18. Ne5 Nxe5 19. fxe5 Qd7 20. Bc3 Be7 21.
Ba5 Rdc8 22. Rad1 Qd5 23. b4 Rf8 24. g3 Rac8 25. Rc1 Bg5 26. Qe2 Qe4 27. Rc3 f4
28. Qg4 Rf5 29. gxf4 Bxf4 30. Rxf4 Qb1+ 31. Kf2 Qb2+ 32. Kf3 Qxc3 33. Rxf5 exf5
34. Qg6 Qc4 35. Qd6 Re8 36. Kf4 Qe2 37. Qxc6 Qg4# 0-1

[Event "Orsha 2017 Masters"]
[Site "Orsha"]
[Date "2017.01.22"]
[Round "4.3"]
[White "Petrov, Dmitri"]
[Black "Drogovoz, Irina"]
[Result "0-1"]
[WhiteElo "2204"]
[BlackElo "2193"]
[PlyCount "104"]
[EventDate "2017.01.20"]

1. e4 c5 2. Nf3 e6 3. d4 cxd4 4. Nxd4 Nf6 5. Nc3 d6 6. Be2 Be7 7. O-O a6 8. Be3
Qc7 9. f4 O-O 10. Qe1 Nc6 11. Qg3 Nxd4 12. Bxd4 b5 13. Bd3 g6 14. Kh1 Bb7 15.
e5 dxe5 16. fxe5 Nh5 17. Qe3 Ng7 18. Bb6 Qb8 19. Rae1 Nf5 20. Bxf5 exf5 21. Rd1
Qc8 22. a3 Qe6 23. Rd3 Rfe8 24. Bd4 Bf8 25. Qg3 Bg7 26. Re3 Rad8 27. Ne2 Be4
28. Rc3 Bxe5 29. Bxe5 Qxe5 30. Nf4 Rd2 31. h4 Rxc2 32. Rxc2 Bxc2 33. h5 Kg7 34.
hxg6 hxg6 35. Qg5 Rh8+ 36. Kg1 Be4 37. b4 Ba8 38. Qg3 Re8 39. Qg5 Rh8 40. Qg3
Qf6 41. Rd1 Qb6+ 42. Kf1 Rh1+ 43. Ke2 Rxd1 44. Kxd1 Qd6+ 45. Ke1 Kg8 46. Qg5
Be4 47. Nh5 Qd4 48. Nf6+ Kg7 49. Nh5+ Kf8 50. Qh6+ Ke8 51. Ng7+ Ke7 52. Qh8
Qg1+ 0-1

[Event "Orsha 2017 Masters"]
[Site "Orsha"]
[Date "2017.01.22"]
[Round "4.4"]
[White "Shvyrjov, Igor"]
[Black "Timerkhanov, Alexander"]
[Result "1-0"]
[WhiteElo "2410"]
[BlackElo "2360"]
[PlyCount "97"]
[EventDate "2017.01.20"]

1. d4 d5 2. Nf3 Nf6 3. Bf4 c5 4. e3 Nc6 5. c3 Qb6 6. Qc1 Bf5 7. Be2 e6 8. Nh4
Be4 9. Nd2 h6 10. Nhf3 Bh7 11. h3 Rc8 12. O-O Be7 13. dxc5 Bxc5 14. Nb3 Be7 15.
Ne5 O-O 16. Nxc6 bxc6 17. Rd1 a5 18. Bd3 Bxd3 19. Rxd3 a4 20. Nd2 Rfd8 21. Qc2
Qa6 22. Re1 a3 23. b3 Bc5 24. e4 Qa7 25. Rf3 Nh7 26. Re2 Be7 27. e5 c5 28. c4
Bg5 29. Bxg5 Nxg5 30. Rg3 Qe7 31. f4 Nh7 32. cxd5 Rxd5 33. Nc4 Rcd8 34. Nxa3
Nf8 35. Nc4 Ng6 36. Rf2 Rd1+ 37. Kh2 R8d4 38. Ne3 Ra1 39. f5 exf5 40. Nxf5 Qxe5
41. Nxd4 cxd4 42. Qc4 Nf4 43. a4 g5 44. Qc8+ Kg7 45. Qg4 Qe1 46. Rgf3 Qh1+ 47.
Kg3 Kh8 48. Rxf4 gxf4+ 49. Qxf4 1-0

[Event "Orsha 2017 Masters"]
[Site "Orsha"]
[Date "2017.01.22"]
[Round "4.5"]
[White "Yashmetov, Mikhail"]
[Black "Kononenko, Dmitry"]
[Result "1/2-1/2"]
[WhiteElo "2277"]
[BlackElo "2280"]
[PlyCount "87"]
[EventDate "2017.01.20"]

1. Nf3 c5 2. b3 Nf6 3. Bb2 Nc6 4. g3 d5 5. Bg2 Bf5 6. O-O h6 7. d4 e6 8. c4
dxc4 9. bxc4 cxd4 10. Nxd4 Be4 11. Bxe4 Nxe4 12. Qc2 Qb6 13. Qxe4 Qxb2 14. Nb5
Bb4 15. N1c3 O-O 16. Rab1 Qd2 17. Rfd1 Qg5 18. Rd7 a6 19. h4 Qh5 20. Nc7 Rad8
21. Rxd8 Rxd8 22. N3d5 exd5 23. Nxd5 a5 24. a3 Bxa3 25. Rxb7 Bd6 26. Kg2 Qe5
27. Qf3 Qe6 28. e3 Ne5 29. Qe4 Nd7 30. Qf3 Nc5 31. Ra7 a4 32. Kh2 f5 33. Qd1
Kh8 34. Qb1 Rb8 35. Qd1 Qe4 36. Qh5 Qe6 37. Rf7 Rf8 38. Ra7 a3 39. Rxa3 Ne4 40.
Ra2 Nf6 41. Nxf6 Rxf6 42. Ra7 Qe4 43. Ra8+ Kh7 44. Kg1 1/2-1/2

[Event "Orsha 2017 Masters"]
[Site "Orsha"]
[Date "2017.01.23"]
[Round "5.1"]
[White "Kononenko, Dmitry"]
[Black "Goltseva, Ekaterina"]
[Result "0-1"]
[WhiteElo "2280"]
[BlackElo "2129"]
[PlyCount "100"]
[EventDate "2017.01.20"]

1. e4 e5 2. Nf3 Nc6 3. Bc4 Nf6 4. Ng5 d5 5. exd5 Na5 6. Bb5+ c6 7. dxc6 bxc6 8.
Be2 h6 9. Nf3 e4 10. Ne5 Bc5 11. c3 Bd6 12. d4 exd3 13. Nxd3 Qc7 14. h3 O-O 15.
O-O Bf5 16. Nd2 Rad8 17. b4 Bxd3 18. Bxd3 Bh2+ 19. Kh1 Rxd3 20. bxa5 Bf4 21.
Qc2 Qd7 22. Nf3 Rxf3 23. Kg1 Bxc1 24. gxf3 Bg5 25. Kg2 Nd5 26. Rh1 Nf4+ 27. Kf1
Re8 28. h4 Re2 29. Qxe2 Nxe2 30. Kxe2 Qd2+ 31. Kf1 Qxc3 32. Kg2 Bf4 33. Rae1
Qxa5 34. Re4 g5 35. hxg5 hxg5 36. a4 Qd5 37. Rb1 c5 38. Rb5 a6 39. Rb2 Qd3 40.
Rb6 c4 41. Rxa6 Qd5 42. Re8+ Kg7 43. Raa8 c3 44. Rg8+ Kf6 45. Ra6+ Kf5 46. Rc8
Be5 47. Rac6 g4 48. Rxc3 Bxc3 49. Rxc3 gxf3+ 50. Kh3 Kf4 0-1

[Event "Orsha 2017 Masters"]
[Site "Orsha"]
[Date "2017.01.23"]
[Round "5.2"]
[White "Timerkhanov, Alexander"]
[Black "Yashmetov, Mikhail"]
[Result "1-0"]
[WhiteElo "2360"]
[BlackElo "2277"]
[PlyCount "69"]
[EventDate "2017.01.20"]

1. d4 Nf6 2. Bg5 Ne4 3. Bf4 d5 4. f3 Nf6 5. e4 dxe4 6. Nc3 exf3 7. Nxf3 g6 8.
Bc4 Bg7 9. Qe2 O-O 10. O-O-O c6 11. Bg5 Qc7 12. Qe5 Qd8 13. Rhe1 Nd5 14. Nxd5
cxd5 15. Qxd5 Qxd5 16. Bxd5 e6 17. Be4 Nd7 18. g4 h6 19. Bh4 g5 20. Bg3 Nf6 21.
Bd3 Nxg4 22. h4 gxh4 23. Bxh4 h5 24. Ne5 f6 25. Ng6 Rf7 26. Kb1 Bh6 27. d5 Ne3
28. Rxe3 Bxe3 29. Re1 Bg5 30. dxe6 Bxe6 31. Rxe6 Rg7 32. Bf2 Rd8 33. Ne7+ Kf7
34. Re2 Re8 35. Bc5 1-0

[Event "Orsha 2017 Masters"]
[Site "Orsha"]
[Date "2017.01.23"]
[Round "5.3"]
[White "Drogovoz, Irina"]
[Black "Shvyrjov, Igor"]
[Result "0-1"]
[WhiteElo "2193"]
[BlackElo "2410"]
[PlyCount "80"]
[EventDate "2017.01.20"]

1. d4 d6 2. Nf3 Bg4 3. e4 Nf6 4. Bd3 g6 5. h3 Bxf3 6. Qxf3 Nc6 7. Bb5 Nd7 8.
Bc4 e6 9. c3 Bg7 10. Qg3 O-O 11. Bg5 Nf6 12. Nd2 h6 13. Be3 d5 14. Bd3 e5 15.
dxe5 Nh5 16. Qh2 Bxe5 17. g3 d4 18. cxd4 Bxd4 19. Be2 Bxe3 20. fxe3 Nf6 21. Rd1
Qe7 22. Qg2 Kg7 23. O-O Rad8 24. Kh2 Ne5 25. Nc4 h5 26. b3 c6 27. Rd4 Nxc4 28.
Bxc4 Qe5 29. Rfd1 Rde8 30. Qf3 h4 31. Qf4 hxg3+ 32. Qxg3 Qh5 33. Qf4 Rxe4 34.
Qg3 Rh8 35. Rf1 Rhe8 36. Rd6 Rxe3 37. Rdxf6 Rxg3 38. Rxf7+ Kh6 39. Kxg3 Qg5+
40. Kh2 b5 0-1

[Event "Orsha 2017 Masters"]
[Site "Orsha"]
[Date "2017.01.23"]
[Round "5.4"]
[White "Martynyuk, Elizaveta"]
[Black "Petrov, Dmitri"]
[Result "1/2-1/2"]
[WhiteElo "2171"]
[BlackElo "2204"]
[PlyCount "79"]
[EventDate "2017.01.20"]

1. e4 d5 2. exd5 Qxd5 3. Nc3 Qd8 4. d4 Nf6 5. Nf3 Bg4 6. h3 Bxf3 7. Qxf3 c6 8.
Be3 e6 9. Bd3 Be7 10. O-O O-O 11. Rad1 Nbd7 12. Bf4 Qa5 13. a3 Rfe8 14. Rfe1
Rac8 15. Be5 b5 16. Ne4 Nxe5 17. Nxf6+ Bxf6 18. dxe5 Be7 19. Re4 c5 20. Rf4 Rf8
21. Qb7 Rc7 22. Qxb5 Qxb5 23. Bxb5 Rd8 24. Rxd8+ Bxd8 25. Rf3 g6 26. Rd3 Bg5
27. Rd1 Bf4 28. Re1 Rb7 29. a4 a6 30. Bxa6 Rxb2 31. Bd3 Bd2 32. Re4 Bc3 33. Kh2
Bd4 34. f4 Ra2 35. h4 h5 36. Kg3 Rxa4 37. c3 Ra3 38. cxd4 Rxd3+ 39. Kf2 cxd4
40. Ke2 1/2-1/2

[Event "Orsha 2017 Masters"]
[Site "Orsha"]
[Date "2017.01.23"]
[Round "6.1"]
[White "Goltseva, Ekaterina"]
[Black "Poley, Vladimir"]
[Result "0-1"]
[WhiteElo "2129"]
[BlackElo "2275"]
[PlyCount "176"]
[EventDate "2017.01.20"]

1. d4 g6 2. c4 Bg7 3. e4 e6 4. Nc3 Ne7 5. d5 d6 6. dxe6 Bxe6 7. Nf3 Nbc6 8. Be2
O-O 9. O-O Ne5 10. Nxe5 dxe5 11. Bg5 f6 12. Be3 c6 13. Qxd8 Rfxd8 14. Rfd1 Re8
15. Rab1 Kf7 16. b4 Ng8 17. b5 Bh6 18. bxc6 bxc6 19. Bc5 Reb8 20. Rxb8 Rxb8 21.
Bxa7 Rb2 22. Bd3 Bd2 23. Nb1 Rxa2 24. Nxd2 Rxa7 25. Nb3 Ke7 26. f3 Nh6 27. Nc5
Bc8 28. Be2 Nf7 29. Nd3 Nd8 30. Nc5 Ra5 31. Nb3 Ra3 32. Nc5 Ra5 33. Nb3 Ra2 34.
Rd2 Rxd2 35. Nxd2 Ne6 36. Nb3 Kd6 37. Kf2 Nc5 38. Nd2 Kc7 39. Ke3 Kb6 40. g3
Ne6 41. Nb3 c5 42. f4 Nd4 43. Nc1 Be6 44. Bd3 Ka5 45. Na2 Nb5 46. Kd2 Nd6 47.
Kc3 Bg4 48. Kd2 Be6 49. Kc3 Bh3 50. Nc1 Bg2 51. Nb3+ Kb6 52. Nd2 Nf7 53. Bf1
Bh1 54. Be2 exf4 55. gxf4 g5 56. Bh5 Nd8 57. fxg5 fxg5 58. Bg4 Kc7 59. Bf5 h6
60. Nb3 Kd6 61. Nc1 Nc6 62. Nd3 Bf3 63. Kd2 Bh5 64. Ke3 Bf7 65. Nf2 Ne5 66. Kd2
Nxc4+ 67. Kc3 Ne5 68. Nd1 Nf3 69. h3 Nd4 70. Ne3 h5 71. Kd3 Ke5 72. Bc8 Nc6 73.
Bf5 Kf4 74. Nd1 Ne5+ 75. Ke2 Nf3 76. Kf2 Nd4 77. Bh7 Be6 78. Kg2 Nb5 79. Bg6 h4
80. Be8 Nd6 81. Ba4 Nxe4 82. Bc2 Bd5 83. Kh2 c4 84. Nb2 Nd2 85. Bd1 Ke3 86. Kg1
Ne4 87. Bc2 c3 88. Na4 Kd2 0-1

[Event "Orsha 2017 Masters"]
[Site "Orsha"]
[Date "2017.01.23"]
[Round "6.2"]
[White "Petrov, Dmitri"]
[Black "Kochetkov, German"]
[Result "1-0"]
[WhiteElo "2204"]
[BlackElo "2304"]
[PlyCount "91"]
[EventDate "2017.01.20"]

1. e4 e5 2. Nf3 d6 3. d4 exd4 4. Nxd4 Nf6 5. Nc3 Be7 6. Bc4 O-O 7. O-O a6 8. a4
Nxe4 9. Nxe4 d5 10. Bd3 dxe4 11. Bxe4 Bf6 12. c3 Re8 13. Qf3 Nd7 14. Bxb7 Bxb7
15. Qxb7 Nc5 16. Qf3 Bxd4 17. cxd4 Ne6 18. Be3 Nxd4 19. Bxd4 Qxd4 20. b3 Rab8
21. Rac1 Qb4 22. Rc3 c5 23. h3 g6 24. Rfc1 Re5 25. Rd1 Rbe8 26. Rdd3 Kg7 27. g4
R8e6 28. Rc4 Qe1+ 29. Kg2 g5 30. Rd1 Qa5 31. Rd5 f6 32. Rd7+ Re7 33. Rd6 Rf7
34. Qc6 h5 35. gxh5 Qe1 36. Qf3 Qa1 37. h6+ Kg6 38. h7 Re8 39. Qd3+ Kh6 40.
Rxc5 Rxh7 41. Rxg5 Kxg5 42. Qxh7 Re1 43. Rd5+ Re5 44. f4+ Kxf4 45. Qh4+ Ke3 46.
Qf2+ 1-0